logo

Bir Sreshtho Munshi Abdur Rouf Library
Jhenaidah Cadet College

Adolf Hitler : (Record no. 9527)

MARC details
000 -LEADER
fixed length control field 00775nam a2200253 a 4500
001 - CONTROL NUMBER
JCCL Control Number 9527
003 - CONTROL NUMBER IDENTIFIER
JCCL marc code BD-JhCC
005 - DATE AND TIME OF LATEST TRANSACTION
control field 20180714120458.0
008 - FIXED-LENGTH DATA ELEMENTS--GENERAL INFORMATION
fixed length control field 180318s19871971enkac d 000 0 eng d
020 ## - INTERNATIONAL STANDARD BOOK NUMBER
International Standard Book Number 1850891966
035 ## - SYSTEM CONTROL NUMBER
system control number (BD-JhCC)9527
040 ## - CATALOGING SOURCE
Original cataloging agency BD-JhCC
Modifying agency BD-JhCC
041 ## - LANGUAGE CODE
Language code of Book eng
082 ## - DEWEY DECIMAL CLASSIFICATION NUMBER
Classification number 828/.9/1408
DDC Edition number 18
Author mark and Year MIL 1972
100 1# - MAIN ENTRY--PERSONAL NAME
Personal name Milligan, Spike,
Dates associated with a name 1918-2002.
245 10 - TITLE STATEMENT
Title Adolf Hitler :
Remainder of title my part in his downfall /
Statement of responsibility, etc Spike Milligan
260 ## - PUBLICATION, DISTRIBUTION, ETC. (IMPRINT)
Place of publication, distribution, etc Oxford :
Name of publisher, distributor, etc ISIS Large Print,
Date of publication, distribution, etc 1987, c1971
300 ## - PHYSICAL DESCRIPTION
Pagination 145 p (large print) :
Other physical details ill.,ports ;
Dimensions 24 cm
490 0# - SERIES STATEMENT
Series statement Mainstream series
500 ## - GENERAL NOTE
General note Originally published: London : Michael Joseph, 1971
650 #0 - SUBJECT ADDED ENTRY--TOPICAL TERM
Topical term or geographic name as entry element World War, 1939-1945
Form subdivision Personal narratives, British
942 ## - ADDED ENTRY ELEMENTS (KOHA)
Source of classification or shelving scheme Dewey Decimal Classification
Koha item type Books
Holdings
Source of classification or shelving scheme Damaged status Not for loan Home library Current library Shelving location Date of accession Total Checkouts Full call number Barcode Date last seen Copy number Koha item type
Dewey Decimal Classification     JCC Rouf Library JCC Rouf Library General Stacks 03/18/2018   828/.91407 MIL 1971 12047 03/18/2018 C-1 Books

JCC Library | Contacts | JCC Home

Last Update on 23 September 2017
Copyright @ 2017-2020 JCC Rouf Library
Rouf Library, Jhenidah Cadet College (JCC), Bangladesh